| 000 | 00657nam a22002177a 4500 | ||
|---|---|---|---|
| 005 | 20170124110146.0 | ||
| 010 | _aB-042738 | ||
| 020 |
_c00.00 _a8122306276 |
||
| 035 | _aB-042738 | ||
| 037 | _bCen Lib/Ret | ||
| 040 |
_aDPL _bEN |
||
| 082 |
_a646.7042 _bPOD |
||
| 100 |
_aPodder, Tanushree _933478 |
||
| 245 |
_aOver 400 beauty solutions from tip to toe / _cby Tanushree Podder |
||
| 260 |
_bPustak Mahal _aDelhi _c2000 |
||
| 270 |
_a6686, Khari Baoli _bDelhi _e110006 |
||
| 300 |
_a152p. : _c23cm(Hb) _bill. |
||
| 650 |
_aBeauty tips for women _933479 |
||
| 650 |
_aHerbal beauty solutions _933480 |
||
| 942 |
_2ddc _cEN _h646.7042 _mPOD |
||
| 999 |
_c132017 _d132017 |
||